Statistics for Every Mario power up

Click here to take the quiz!

General Stats

  • This quiz has been taken 83 times
  • The average score is 21 of 39

Answer Stats

HintAnswer% Correct
SMBFire Mario
95%
SMBSuper Mario
90%
SMGIce Mario
85%
SMBInvincible Mario
84%
SMB3Tanooki Mario
82%
SMGBoo Mario
79%
SM3DWCat Mario
79%
NSMBMini Mario
75%
SM3DLBoomerang Mario
72%
SM64Metal Mario
72%
NSMBWiiPenguin Mario
70%
NSMBWiiPropeller Mario
69%
SMGBee Mario
67%
NSMBMega Mario
67%
SMG2Cloud Mario
64%
NSMB2Gold Mario
62%
SMB3Frog Mario
61%
SMG2Rock Mario
59%
SMGSpring Mario
59%
NSMBShell Mario
57%
SMBSmall Mario
57%
SM64Wing Mario
57%
SMWCape Mario
56%
SMB3Hammer Bros Mario
56%
SM3DWDouble Mario
51%
SMGFlying Mario
51%
SM64Vanish Mario
46%
NSMBUFlying Squirrel Mario
44%
SML2Bunny Mario
43%
SMGRainbow Mario
38%
SMB3Raccoon Mario
33%
SMLSuperball Mario
33%
SMWBalloon Mario
30%
SM3DWLucky Cat Mario
20%
NSMBUPower Squirrel Mario
18%
SMB3Statue Mario
15%
SM3DLWhite Tanooki Mario
15%
SM3DWGolden Statue Mario
10%
NSMB2White Raccoon Mario
7%

Score Distribution

Percentile by Number Answered

Percent of People with Each Score

Your Score History

You have not taken this quiz